5HLuxD.jpg

KING HENRY VIII SENIOR AND PRIMARY SCHOOL LIBRARY OPAC

The Wonderful Wizard of Oz (Record no. 2258)

000 -LEADER
fixed length control field 00550nam a22002057a 4500
005 - DATE AND TIME OF LATEST TRANSACTION
control field 20230407093326.0
008 - FIXED-LENGTH DATA ELEMENTS--GENERAL INFORMATION
fixed length control field 230407b ||||| |||| 00| 0 eng d
020 ## - INTERNATIONAL STANDARD BOOK NUMBER
International Standard Book Number 9781471119736
040 ## - CATALOGING SOURCE
Transcribing agency KH8
082 ## - DEWEY DECIMAL CLASSIFICATION NUMBER
Classification number FIC BAU
100 ## - MAIN ENTRY--PERSONAL NAME
Personal name Baum, Lyman Frank
Relator term author
245 ## - TITLE STATEMENT
Title The Wonderful Wizard of Oz
Statement of responsibility, etc. L. Frank Baum
250 ## - EDITION STATEMENT
Edition statement Volume 1
260 ## - PUBLICATION, DISTRIBUTION, ETC.
Place of publication, distribution, etc. Britian
Name of publisher, distributor, etc. Simon & Schuster
Date of publication, distribution, etc. 2013
300 ## - PHYSICAL DESCRIPTION
Extent 573 p,
Dimensions 20cm,
Accompanying material Map.
440 ## - SERIES STATEMENT/ADDED ENTRY--TITLE
Title The Complete Collection,
Volume/sequential designation Vol 1
546 ## - LANGUAGE NOTE
Language note English
650 ## - SUBJECT ADDED ENTRY--TOPICAL TERM
Topical term or geographic name entry element children's story
942 ## - ADDED ENTRY ELEMENTS (KOHA)
Source of classification or shelving scheme
Koha item type Books - Fiction
Holdings
Withdrawn status Lost status Source of classification or shelving scheme Damaged status Not for loan Collection code Permanent Location Current Location Shelving location Date acquired Total Checkouts Total Renewals Full call number Barcode Date due Date last seen Date last checked out Price effective from Koha item type
          Fiction KH8 Primary School Library KH8 Primary School Library Fiction 2023-04-07 6 2 FIC BAU KHPL000004005 2026-04-21 2026-04-13 2026-04-13 2023-04-07 Books - Fiction

Powered By KH8 IT Dept